000 00743nam a2200241 a 4500
001 BRCA_5057
005 20190320204924.0
008 081110s1939----nyu#######---#000-0#eng-#
041 _aeng
044 _anyu
050 4 _aNK9462
_b.M39 1939
100 1 _aMay, Florence Lewis
_98060
245 1 0 _aHispanic Lace and Lace Making
_cby Florence Lewis May.
260 _aNueva York
_bOrder of the Trustees
_c1939
300 _axliii, 417 p.
_bil., 432 láminas
_c23 cm.
440 0 _aThe Hispanic Society of America
_912901
500 _aIncluye índice de ilustraciones, notas generales e índice analítico
500 _aBibliografía: p. 400-405
500 _aD147
650 1 4 _aEncaje
_zEspaña
_912902
902 _aGFM
942 _2lcc
_cB
999 _c4751
_d4751